Estadísticas para 20 ciudades que contienen el nombre de un país (con un mapa)

Haz click aquí para intentar la prueba.

Estadísticas generales

  • Esta prueba ha sido intentada 271 veces
    (135 desde el último reinicio)
  • La puntuación promedio es 12 de 20

Respuestas en el mapa

Las respuestas están codificadas por una escala verde-roja en el mapa de la prueba según el % correcto abajo.
 

Estadísticas de respuestas

City% Correcto
Andorra la Vieja (Andorra)
93%
Ciudad de México (México)
92%
Ciudad de Panamá (Panamá)
89%
Ciudad de Luxemburgo (Luxemburgo)
88%
Ciudad del Vaticano (Ciudad del Vaticano)
88%
San Marino (San Marino)
84%
Mónaco (Mónaco)
83%
Ciudad de Guatemala (Guatemala)
80%
Ciudad de Kuwait (Kuwait)
75%
Singapur (Singapur)
72%
Ciudad de Yibuti (Yibuti)
70%
Ciudad de Belice (Belice)
65%
Puerto España (Trinidad y Tobago)
47%
Cuba (Estados Unidos)
36%
Santiago de Cuba (Cuba)
31%
Benin City (Nigeria)
20%
Liberia (Costa Rica)
16%
Puerto Sudán (Sudán)
16%
Bolivia (Estados Unidos)
7%
Campione d'Italia (Italia)
5%

Distribución de puntuación

Porcentaje por número respondido

Porcentaje de gente con cada puntuación

Historial de tus puntuaciones

No has intentado esta prueba desde el último reinicio